000
00339 a2200133 4500
000
nam a22 7a 4500
100
_a
Pandey, Akhilesh
110
_a
Pandey, Akhilesh
245
_a
Text Book of Biostatistics
250
_a
latest edition
260
_b
Abhishek Book Agency
_c
2026
264
_b
Abhishek Book Agency
_c
2026
942
_c
BK
999
_c
394322
_d
394322